000 00464nam a2200169Ia 4500
999 _c32205
_d32205
003 OSt
005 20200730101549.0
008 190216s9999||||xx |||||||||||||| ||und||
040 _coclc
082 _a512
_bHAL/H
100 _aHall, H S
_93860
245 0 _aHigher Algebra /
_cH S Hall ; S R Knight
260 _bArihant Prakashan,
_aMeerut:
_c1960.
300 _a553p
650 _aMathematics
942 _cBK
_2ddc
_h512
_iHAL/H
_k512
_mHAL/H